Cyclisme : Vainqueurs du Tour Down Under - Statistiques

Statistiques générales
  • Ce quiz a été pris 7 fois
    5 depuis la dernière actualisation
  • Le résultat moyen est 8 sur 26
Statistiques - réponses
Année Vaiqnueur % Correct
2026 Jay Vine
100%
2023 Jay Vine
100%
2025 Jhonatan Narváez
100%
2016 Simon Gerrans
75%
2014 Simon Gerrans
75%
2012 Simon Gerrans
75%
2006 Simon Gerrans
75%
2020 Richie Porte
50%
2017 Richie Porte
50%
2010 André Greipel
25%
2008 André Greipel
25%
2019 Daryl Impey
25%
2018 Daryl Impey
25%
2024 Stephen Williams
25%
2009 Allan Davis
0%
2011 Cameron Meyer
0%
2000 Gilles Maignan
0%
2005 Luis León Sánchez
0%
2007 Martin Elmiger
0%
2002 Michael Rogers
0%
2003 Mikel Astarloza
0%
2004 Patrick Jonker
0%
2015 Rohan Dennis
0%
2001 Stuart O'Grady
0%
1999 Stuart O'Grady
0%
2013 Tom-Jelte Slagter
0%
Aucun quiz correspondant
Distribution des résultats
% des personnes avec chaque résultat
Percentile par nombre de réponses
Votre historique - résultats
Vous n’avez pas pris ce quiz depuis la dernière actualisation